| 000 | 00505nam a22001697a 4500 | ||
|---|---|---|---|
| 003 | CEME | ||
| 005 | 20210628203353.0 | ||
| 008 | 210305b xxu||||| |||| 00| 0 eng d | ||
| 040 | _c. | ||
| 082 | _a954.02 1KR | ||
| 100 |
_aS.M Ikram _965035 |
||
| 245 | _aHistory of muslim civilization in india and pakistan, a political and cultural history | ||
| 260 |
_aLAHORE _bISLAMIC PUBLICATIONS _c1993 |
||
| 300 | _aXXXIV,710P | ||
| 650 |
_aMUSLIM CIVILIZATION IN INDIA AND PAKISTAN _965036 |
||
| 942 |
_cBK _2ddc |
||
| 999 |
_c573361 _d573361 |
||